000 00818cab a2200229 4500
001 WB2810-24
008 090401t1992 xxu||||| |||| 00| 0 eng d
035 _a(Sirsi) u49715
041 _aeng
245 _aMovements of capital between residents of EC member states : Statement of practice
260 _c1992
350 _a0
490 _aInland Revenue Press Release
_v28 February 1992 (7)
520 _aThe Inland Revenue has published a Statement of Practice (SP2/92) offering guidance on the movement of capital between residents of EC member states. Statement attached.
650 _aDIRECTIVE 88/361/EEC
650 _aEC DIRECTIVES
650 _aINLAND REVENUE STATEMENT OF PRACTICE SP2/92
650 _aMOVEMENTS OF CAPITAL
690 _aEUROPE-SINGLE MARKET
942 _n0
948 _c04/03/1997
999 _c31126
_d31126